[Event "Lichtenberger Sommer"]
[Site "Berlin"]
[Date "2009.08.22"]
[Round "8.18"]
[White "Penne, Bo"]
[Black "Behrmann, Joachim"]
[Result "0-1"]
[WhiteElo "2000"]
[BlackElo "2216"]
[PlyCount "94"]
[EventDate "2009.??.??"]
[WhiteTeam "USV Potsdam e.V., Abt. Schach"]
[BlackTeam "SK Zehlendorf e.V."]

1. e4 e5 2. Nf3 Nc6 3. Nc3 Nf6 4. d4 exd4 5. Nxd4 Bb4 6. Nxc6 bxc6 7. Bd3 O-O
8. O-O d5 9. exd5 cxd5 10. Bg5 c6 11. Qf3 Be7 12. Rfe1 Rb8 13. Na4 h6 14. Bd2
c5 15. Bf5 Bb7 16. Bf4 Bd6 17. Bxd6 Qxd6 18. Qa3 Qf4 19. Bh3 Ne4 20. Qe3 Qxe3
21. Rxe3 Bc6 22. b3 Bxa4 23. bxa4 Rb4 24. Bd7 Rc4 25. Rc1 Rc3 26. Rd3 c4 27.
Rxd5 Nf6 28. Rdd1 Rd8 29. Bg4 Rxd1+ 30. Bxd1 Ra3 31. Ra1 Rxa4 32. Bf3 Ra3 33.
Kf1 Kf8 34. Ke2 Ke7 35. Kd2 Kd6 36. c3 g5 37. g3 g4 38. Bg2 Nd5 39. Bxd5 Kxd5
40. Kc2 Ke4 41. Kb2 Ra5 42. Re1+ Kf3 43. Re7 Kxf2 44. Rxf7+ Kg2 45. Rf4 h5 46.
Rxc4 Kxh2 47. Rd4 Kxg3 0-1

[Event "Lichtenberger Sommer"]
[Site "Berlin"]
[Date "2009.08.22"]
[Round "8.19"]
[White "Magnussen, Helge"]
[Black "Escher, Clemens"]
[Result "1/2-1/2"]
[WhiteElo "2056"]
[BlackElo "2193"]
[PlyCount "101"]
[EventDate "2009.??.??"]
[WhiteTeam "SV Empor Berlin e.V."]
[BlackTeam "SK König Tegel 1949 e.V."]

1. d4 d5 2. c4 c6 3. Nf3 Nf6 4. Nc3 dxc4 5. a4 Bf5 6. Ne5 Nbd7 7. Nxc4 Nb6 8.
Ne5 a5 9. g3 Nfd7 10. Nd3 e6 11. Bg2 Be7 12. O-O h6 13. e4 Bh7 14. Qe2 O-O 15.
Bf4 Re8 16. b3 Bg5 17. Rad1 Bxf4 18. Nxf4 Qe7 19. d5 exd5 20. exd5 Qxe2 21.
Nfxe2 cxd5 22. Nd4 Nf6 23. Ndb5 Rad8 24. Nc7 Re7 25. N7xd5 Nfxd5 26. Nxd5 Red7
27. Ne3 Rxd1 28. Nxd1 Rd3 29. Re1 f6 30. Bxb7 Rxb3 31. Ne3 Rb4 32. Bc6 Rb1 33.
Rxb1 Bxb1 34. Kf1 Kf7 35. Ke1 Ke6 36. Kd2 Kd6 37. Bb5 Kc5 38. Kc3 Be4 39. Nc4
Nxc4 40. Bxc4 Bc6 41. Bb3 g5 42. Bd1 Bd5 43. f4 Be6 44. fxg5 fxg5 45. h4 Bd7
46. hxg5 hxg5 47. Bb3 Bc6 48. Bd1 Bd5 49. Be2 Bc6 50. Bd1 Bd5 51. Be2 1/2-1/2

[Event "Lichtenberger Sommer"]
[Site "Berlin"]
[Date "2009.08.22"]
[Round "8.20"]
[White "Kapp, Martin"]
[Black "Hoppensack, Manfred"]
[Result "1-0"]
[WhiteElo "2134"]
[BlackElo "2029"]
[PlyCount "37"]
[EventDate "2009.??.??"]
[WhiteTeam "TSV IFA Chemnitz"]
[BlackTeam "SC Friesen Lichtenberg e.V."]

1. d4 e6 2. c4 Nf6 3. Nc3 Bb4 4. e3 O-O 5. Bd3 c5 6. Nge2 d6 7. O-O Nc6 8. Qc2
cxd4 9. exd4 d5 10. cxd5 exd5 11. Bg5 Be7 12. Bxf6 Bxf6 13. Bxh7+ Kh8 14. Rad1
g6 15. Bxg6 fxg6 16. Qxg6 Be6 17. Nf4 Bf7 18. Qh6+ Kg8 19. Rd3 1-0

[Event "Lichtenberger Sommer"]
[Site "Berlin"]
[Date "2009.08.22"]
[Round "8.21"]
[White "Schnitzer, Peter"]
[Black "Knebel, Lothar"]
[Result "1-0"]
[WhiteElo "2183"]
[BlackElo "1789"]
[PlyCount "77"]
[EventDate "2009.??.??"]
[WhiteTeam "SC Kreuzberg e.V."]
[BlackTeam "SV Oberkochen"]

1. d4 d5 2. Nf3 e6 3. Bf4 Nf6 4. e3 Be7 5. Bd3 c5 6. c3 Nc6 7. Nbd2 Qb6 8. Rb1
a5 9. O-O O-O 10. Qe2 Rd8 11. dxc5 Bxc5 12. e4 e5 13. Bg5 Ne7 14. exd5 Nfxd5
15. Bxe7 Bxe7 16. Qxe5 Bd6 17. Qd4 Bf4 18. Nb3 Bg4 19. Qxb6 Nxb6 20. Nfd4 Rac8
21. Nxa5 Rd5 22. Nab3 Na4 23. Kh1 Be5 24. Rfe1 g6 25. h3 Bd7 26. Be4 Rd6 27.
Bxb7 Rb8 28. Rxe5 Rxb7 29. Nc5 Rxb2 30. Rxb2 Nxb2 31. Nxd7 Rxd7 32. Re2 Na4 33.
Nb5 Rd5 34. c4 Rd1+ 35. Kh2 Rc1 36. Nd6 Nb6 37. Re8+ Kg7 38. Re7 Nxc4 39. Rc7
1-0

[Event "Lichtenberger Sommer"]
[Site "Berlin"]
[Date "2009.08.22"]
[Round "8.22"]
[White "Schneider, Hans-Joachim"]
[Black "Rozov, Boris"]
[Result "0-1"]
[WhiteElo "2045"]
[BlackElo "2138"]
[PlyCount "79"]
[EventDate "2009.??.??"]
[WhiteTeam "Schachpinguine Berlin e.V."]
[BlackTeam "vereinslos"]

1. d4 Nf6 2. Nf3 d5 3. c4 e6 4. g3 c6 5. Bg2 Bb4+ 6. Bd2 Be7 7. O-O O-O 8. b3
Nbd7 9. Qc2 b6 10. Nc3 Ba6 11. Nd1 Rc8 12. Nb2 Ba3 13. Bc1 c5 14. Nd3 Bxc1 15.
Raxc1 dxc4 16. bxc4 cxd4 17. Qa4 Bb7 18. Nxd4 Bxg2 19. Kxg2 Qc7 20. Kg1 Nc5 21.
Nxc5 Qxc5 22. Nf3 e5 23. Qb5 e4 24. Nh4 g6 25. Ng2 Rfd8 26. Qb2 Ng4 27. h3 Ne5
28. Ne3 Rd4 29. Nd5 e3 30. Nf6+ Kh8 31. fxe3 Rxc4 32. Rxc4 Nxc4 33. Qd4 Nxe3
34. Qxc5 Rxc5 35. Rf3 Nf5 36. Rd3 Kg7 37. Nd7 Ra5 38. Rd2 Nxg3 39. Kg2 Ne4 40.
Rc2 0-1

[Event "Lichtenberger Sommer"]
[Site "Berlin"]
[Date "2009.08.22"]
[Round "8.23"]
[White "Badestein, Hartmut"]
[Black "Kühnemund, Lutz"]
[Result "0-1"]
[WhiteElo "2182"]
[BlackElo "1924"]
[PlyCount "82"]
[EventDate "2009.??.??"]
[WhiteTeam "SC Friesen Lichtenberg e.V."]
[BlackTeam "SC Friesen Lichtenberg e.V."]

1. d4 Nf6 2. Nf3 d5 3. Bf4 e6 4. e3 Be7 5. Bd3 c5 6. c3 Qb6 7. Qc2 Nc6 8. O-O
Bd7 9. Nbd2 h6 10. Ne5 Nxe5 11. Bxe5 Ng4 12. Nf3 Nxe5 13. Nxe5 Bb5 14. Bxb5+
Qxb5 15. f4 g6 16. a4 Qb6 17. Rf3 Rc8 18. a5 Qb5 19. g4 h5 20. g5 Bd6 21. Raf1
Qxa5 22. Nxg6 fxg6 23. Qxg6+ Kd7 24. f5 exf5 25. Rxf5 Qa2 26. Qf7+ Kc6 27. e4
Rhf8 28. exd5+ Kb6 29. Qe6 Rfd8 30. dxc5+ Rxc5 31. Rf8 Qxd5 32. Qxd5 Rxd5 33.
Rxd8 Bc5+ 34. Kg2 Rxd8 35. b4 Be7 36. h4 Rd2+ 37. Kh1 Rd3 38. Re1 Bd6 39. Re6
Kc7 40. Kg2 Rg3+ 41. Kf2 Rg4 0-1

[Event "Lichtenberger Sommer"]
[Site "Berlin"]
[Date "2009.08.22"]
[Round "8.24"]
[White "Davydov, Ruven"]
[Black "Neumann, Joachim"]
[Result "1/2-1/2"]
[WhiteElo "1932"]
[BlackElo "2191"]
[PlyCount "104"]
[EventDate "2009.??.??"]
[WhiteTeam "TuS Makkabi Berlin e.V."]
[BlackTeam "Kieler SG von 1884 / Meerbauer"]

1. e4 c5 2. Nf3 Nc6 3. d4 cxd4 4. Nxd4 Nf6 5. Nc3 e5 6. Ndb5 d6 7. Bg5 a6 8.
Na3 b5 9. Nd5 Be7 10. Bxf6 Bxf6 11. c3 Bg5 12. Bd3 Ne7 13. Nxe7 Qxe7 14. Nc2
O-O 15. O-O g6 16. Nb4 Be6 17. a4 Qb7 18. axb5 axb5 19. Qe2 Bd7 20. Rfd1 Rxa1
21. Rxa1 Ra8 22. Rxa8+ Qxa8 23. Qd1 Bd8 24. h3 Kg7 25. Bc2 Be7 26. Nd5 Bd8 27.
Nb4 Be7 28. Qb1 Bd8 29. Bb3 Bc6 30. Bd5 Bxd5 31. exd5 f5 32. Kh2 Bb6 33. f3 Bc5
34. Nc6 Qa4 35. b4 Be3 36. Nd8 Qa3 37. Ne6+ Kf6 38. c4 bxc4 39. b5 Qd3 40. Qe1
Qxd5 41. Qxe3 Kxe6 42. Qb6 Qc5 43. Qb8 c3 44. b6 Kd5 45. Qa8+ Kd4 46. b7 c2 47.
Qa1+ Qc3 48. Qxc3+ Kxc3 49. b8=Q c1=Q 50. Qc7+ Kb2 51. Qb6+ Ka2 52. Qxd6 Qf4+
1/2-1/2

[Event "Lichtenberger Sommer"]
[Site "Berlin"]
[Date "2009.08.22"]
[Round "8.25"]
[White "Just, Detlef"]
[Black "Püschel, Werner"]
[Result "1-0"]
[WhiteElo "1932"]
[BlackElo "2167"]
[PlyCount "79"]
[EventDate "2009.??.??"]
[WhiteTeam "SC Zugzwang 95 e.V."]
[BlackTeam "SG Lasker Steglitz-Wilmersdorf"]

1. Nf3 Nf6 2. d3 g6 3. g3 Bg7 4. Bg2 O-O 5. e4 d6 6. O-O c6 7. Nc3 Nbd7 8. Bg5
h6 9. Bd2 a5 10. a4 Nc5 11. Qc1 Kh7 12. Nh4 e5 13. h3 Bd7 14. Be3 Ne6 15. Nf3
Nh5 16. Nh2 Nd4 17. Bxd4 exd4 18. Ne2 Qb6 19. g4 Nf6 20. f4 Rae8 21. Ng3 Bc8
22. b3 Qc5 23. Qd1 Kg8 24. f5 Nh7 25. Nf3 Ng5 26. h4 Nxf3+ 27. Rxf3 Be5 28. Rc1
Bf6 29. Qd2 Kg7 30. g5 Be5 31. gxh6+ Kh8 32. Qf2 Bxg3 33. Qxg3 Rg8 34. Qg5 Qe5
35. h7 Rg7 36. fxg6 fxg6 37. Rcf1 Qxg5 38. hxg5 Bg4 39. Rf6 Be6 40. R1f3 1-0

[Event "Lichtenberger Sommer"]
[Site "Berlin"]
[Date "2009.08.22"]
[Round "8.26"]
[White "Handel, Horst"]
[Black "Schüler, Wolfgang"]
[Result "1/2-1/2"]
[WhiteElo "2127"]
[BlackElo "1998"]
[PlyCount "92"]
[EventDate "2009.??.??"]
[WhiteTeam "SC Friesen Lichtenberg e.V."]
[BlackTeam "SC Friesen Lichtenberg e.V."]

1. c4 e5 2. Nc3 Nc6 3. g3 Nf6 4. Bg2 Bc5 5. e3 O-O 6. d3 a6 7. Nge2 d6 8. O-O
Ne7 9. d4 Ba7 10. b3 c6 11. dxe5 dxe5 12. Ba3 Qxd1 13. Rfxd1 Re8 14. h3 Ng6 15.
e4 Nd7 16. Rd2 Ndf8 17. Rad1 Be6 18. c5 f6 19. Na4 Kf7 20. Bb4 Re7 21. h4 Rae8
22. h5 Nh8 23. Ba5 Rd7 24. b4 g5 25. Rxd7+ Bxd7 26. f3 Bb8 27. Bf1 Be6 28. Nec3
Ke7 29. Nb2 Nf7 30. g4 h6 31. Kf2 Rc8 32. Nc4 Bxc4 33. Bxc4 Ne6 34. Bxe6 Kxe6
35. Ne2 Ke7 36. Ng3 Bc7 37. Nf5+ Ke6 38. Bxc7 Rxc7 39. Ke3 Rd7 40. Rb1 Rd8 41.
a4 Kd7 42. Kd3 Kc7+ 43. Kc3 Rd7 44. b5 axb5 45. axb5 Kc8 46. Ne3 Kc7 1/2-1/2

[Event "Lichtenberger Sommer"]
[Site "Berlin"]
[Date "2009.08.22"]
[Round "8.27"]
[White "Küster, Manfred"]
[Black "Poseck, Steffen"]
[Result "1-0"]
[WhiteElo "1903"]
[BlackElo "2105"]
[PlyCount "87"]
[EventDate "2009.??.??"]
[WhiteTeam "BSC Rehberge 1945 e.V."]
[BlackTeam "BSV 63 Chemie Weißensee"]

1. d4 Nf6 2. c4 g6 3. Nc3 d5 4. Nf3 Bg7 5. Qb3 dxc4 6. Qxc4 O-O 7. e4 a6 8. e5
b5 9. Qb3 Nfd7 10. e6 fxe6 11. Be3 Nb6 12. h4 Nc6 13. h5 b4 14. hxg6 Rxf3 15.
gxf3 bxc3 16. bxc3 Nd5 17. Bd2 e5 18. Qa4 Bd7 19. dxe5 Nxe5 20. Qe4 Be8 21.
Rxh7 Nxg6 22. Rh1 Nxc3 23. Bc4+ Bf7 24. Bxf7+ Kxf7 25. Qf5+ Kg8 26. Qxg6 Qd6
27. Qxd6 exd6 28. Rg1 Re8+ 29. Kf1 Nb5 30. Bh6 Re7 31. Rxg7+ Rxg7 32. Bxg7 Kxg7
33. Kg2 Kf6 34. a4 Nd4 35. Rb1 Ke5 36. Rb7 c5 37. Ra7 c4 38. Rxa6 c3 39. Ra8
Nb3 40. Re8+ Kf5 41. a5 Nc5 42. Re3 Ne6 43. Rxc3 Nf4+ 44. Kf1 1-0

[Event "Lichtenberger Sommer"]
[Site "Berlin"]
[Date "2009.08.22"]
[Round "8.28"]
[White "Kapr, Klaus"]
[Black "Brüning, Wolfgang"]
[Result "1-0"]
[WhiteElo "2044"]
[BlackElo "1946"]
[PlyCount "47"]
[EventDate "2009.??.??"]
[WhiteTeam "SC Friesen Lichtenberg e.V."]
[BlackTeam "Queer-Springer SSV Berlin"]

1. e4 c5 2. Nf3 e6 3. d4 cxd4 4. Nxd4 Nc6 5. Be3 Qc7 6. Be2 Nf6 7. Nc3 a6 8. a3
b5 9. O-O Bb7 10. f4 Rc8 11. e5 Nxd4 12. Bxd4 Ne4 13. Bd3 Nxc3 14. Bxc3 Bc5+
15. Kh1 g6 16. Qg4 Bd5 17. Rad1 Bxa3 18. f5 exf5 19. Bxf5 gxf5 20. Qg7 Bxg2+
21. Kxg2 Qc6+ 22. Kh3 Ke7 23. e6 Rcg8 24. Qf6+ 1-0

[Event "Lichtenberger Sommer"]
[Site "Berlin"]
[Date "2009.08.22"]
[Round "8.29"]
[White "Walter, Günter"]
[Black "Kornrumpf, Joachim"]
[Result "0-1"]
[WhiteElo "2042"]
[BlackElo "2119"]
[PlyCount "68"]
[EventDate "2009.??.??"]
[WhiteTeam "TSG Oberschöneweide e.V."]
[BlackTeam "Preetzer TSV"]

1. e4 c5 2. Nf3 e6 3. d4 cxd4 4. Qxd4 Nc6 5. Qe3 d6 6. b3 Nf6 7. Bd3 Qc7 8. Bb2
Be7 9. O-O Ng4 10. Qe2 O-O 11. h3 Nge5 12. Nxe5 dxe5 13. Nd2 a6 14. a4 b6 15.
Nc4 Bb7 16. f4 Bc5+ 17. Kh1 Bd4 18. c3 Bc5 19. b4 Be7 20. b5 axb5 21. axb5 Rxa1
22. Rxa1 Na5 23. Nxe5 f6 24. Nc4 Nb3 25. Ra7 Nc5 26. Bc2 Qb8 27. Ra1 Qxf4 28.
Nxb6 Bd6 29. Kg1 Nxe4 30. Bxe4 Bxe4 31. Nc4 Qh2+ 32. Kf1 Qh1+ 33. Kf2 Qxg2+ 34.
Ke1 Bg3+ 0-1

[Event "Lichtenberger Sommer"]
[Site "Berlin"]
[Date "2009.08.22"]
[Round "8.30"]
[White "Cremer, Jan Paul"]
[Black "Neffe, Axel"]
[Result "0-1"]
[WhiteElo "1859"]
[BlackElo "2235"]
[PlyCount "34"]
[EventDate "2009.??.??"]
[WhiteTeam "Schachpinguine Berlin e.V."]
[BlackTeam "Queer-Springer SSV Berlin"]

1. e4 c5 2. Nf3 e6 3. d4 cxd4 4. Nxd4 Nc6 5. Nc3 Qc7 6. Be2 a6 7. O-O Nf6 8.
Be3 Bb4 9. Bf3 h5 10. Nxc6 bxc6 11. Qd4 Bd6 12. h3 Rb8 13. Rab1 Be5 14. Qd3 Ng4
15. hxg4 hxg4 16. Bxg4 Bh2+ 17. Kh1 Bg1+ 0-1

[Event "Lichtenberger Sommer"]
[Site "Berlin"]
[Date "2009.08.22"]
[Round "8.31"]
[White "Tong, Lukas Fabian Chuan"]
[Black "Rohde, Wolfgang"]
[Result "0-1"]
[WhiteElo "1869"]
[BlackElo "2179"]
[PlyCount "108"]
[EventDate "2009.??.??"]
[WhiteTeam "SC Erlangen 48/88"]
[BlackTeam "SC Friesen Lichtenberg e.V."]

1. d4 Nf6 2. c4 c5 3. d5 b5 4. cxb5 a6 5. e3 g6 6. Nc3 Bg7 7. Nf3 O-O 8. Be2
axb5 9. Bxb5 Na6 10. O-O Qb6 11. Bc4 d6 12. e4 Bg4 13. h3 Bxf3 14. Qxf3 Nd7 15.
Qe2 Ne5 16. Bb5 Nc7 17. a4 Rfb8 18. f4 Nxb5 19. Nxb5 Nd7 20. Ra2 Qa6 21. Ra3
Nb6 22. Qc2 Qc8 23. Bd2 Nxa4 24. Rxa4 Rxb5 25. Bc3 Rxa4 26. Qxa4 Qb7 27. e5 c4
28. Qxc4 Rxd5 29. exd6 Rxd6 30. Bxg7 Kxg7 31. b4 Qb6+ 32. Qc5 Kf6 33. Re1 Qxc5+
34. bxc5 Rc6 35. Re5 Re6 36. Rd5 Re4 37. g3 Rc4 38. Kf2 e6 39. Re5 Ke7 40. Ke3
f6 41. Kd3 Rc1 42. Re4 Rxc5 43. Ra4 Kd6 44. Ra6+ Kd5 45. Ra7 Rb5 46. Ke2 Ke4
47. Rxh7 Rb2+ 48. Ke1 Rg2 49. Rf7 f5 50. Rf6 Rxg3 51. Rxe6+ Kxf4 52. h4 Kf3 53.
Kf1 Rh3 54. Kg1 Rxh4 0-1

[Event "Lichtenberger Sommer"]
[Site "Berlin"]
[Date "2009.08.22"]
[Round "8.32"]
[White "Maahs, Erich"]
[Black "Mayer, Herbert"]
[Result "1-0"]
[WhiteElo "2174"]
[BlackElo "1917"]
[PlyCount "151"]
[EventDate "2009.??.??"]
[WhiteTeam "SC Concordia SAbt Palame"]
[BlackTeam "SC Rochade e.V."]

1. e4 c6 2. d4 d5 3. exd5 cxd5 4. c4 Nf6 5. Nc3 e6 6. c5 Nc6 7. Nf3 Be7 8. Rb1
O-O 9. b4 a6 10. Na4 Nd7 11. Bf4 Bf6 12. Be2 b5 13. Nc3 Re8 14. Bg3 Bb7 15. O-O
Ne7 16. a4 bxa4 17. Qxa4 Bc6 18. Qc2 Nf5 19. Be5 Bxe5 20. dxe5 f6 21. exf6 Qxf6
22. Bd3 g6 23. Rfd1 Ne5 24. Nxe5 Qxe5 25. Ne2 Rec8 26. Re1 Ng7 27. Qd2 Re8 28.
Nc1 Qc7 29. Nb3 e5 30. Na5 e4 31. Bf1 Ne6 32. Rec1 Red8 33. Qa2 Bb5 34. Bxb5
axb5 35. Qe2 Nf4 36. Qxb5 Nd3 37. Rc2 Nxb4 38. Qxb4 Rxa5 39. Qb6 Ra7 40. g3 Kf7
41. Qb3 Rd7 42. f3 Qe5 43. fxe4 Qxe4 44. c6 Rdc7 45. Rf1+ Kg7 46. Qb8 Rf7 47.
Qb2+ d4 48. Rcf2 Rxf2 49. Qxf2 Qe3 50. Qxe3 dxe3 51. Rc1 Rc7 52. Kf1 Kf7 53.
Ke2 Ke6 54. Kxe3 Kd6 55. Kf4 h6 56. h4 Rf7+ 57. Kg4 Kc7 58. h5 Rg7 59. Rc3 Rg8
60. Re3 gxh5+ 61. Kxh5 Kxc6 62. Rd3 Rh8 63. g4 Rg8 64. Rg3 Kd5 65. Kxh6 Ke4 66.
Rg1 Rh8+ 67. Kg7 Rh4 68. g5 Ke5 69. g6 Ke6 70. Kg8 Kf6 71. g7 Ra4 72. Rb1 Rh4
73. Rb6+ Ke7 74. Rb2 Re4 75. Rh2 Rg4 76. Kh7 1-0

[Event "Lichtenberger Sommer"]
[Site "Berlin"]
[Date "2009.08.22"]
[Round "8.33"]
[White "Bandlow, Matthias"]
[Black "Albrecht, Rainer"]
[Result "1/2-1/2"]
[WhiteElo "1997"]
[BlackElo "2141"]
[PlyCount "28"]
[EventDate "2009.??.??"]
[WhiteTeam "SC Borussia Friedrichsfelde 1920"]
[BlackTeam "SC Kreuzberg e.V."]

1. d4 e6 2. c4 f5 3. Nf3 Nf6 4. e3 b6 5. Be2 Bb7 6. O-O Be7 7. Nc3 O-O 8. b3
Ne4 9. Bb2 Bf6 10. Rc1 d6 11. Qc2 Qe7 12. Nd2 Nxd2 13. Qxd2 Nd7 14. f4 Rad8
1/2-1/2

[Event "Lichtenberger Sommer"]
[Site "Berlin"]
[Date "2009.08.22"]
[Round "8.34"]
[White "Kupfer, Michael"]
[Black "Reiche, Henry"]
[Result "1-0"]
[WhiteElo "2198"]
[BlackElo "2012"]
[PlyCount "97"]
[EventDate "2009.??.??"]
[WhiteTeam "SC Friesen Lichtenberg e.V."]
[BlackTeam "SV Berolina Mitte e.V."]

1. e4 d5 2. exd5 Qxd5 3. Nc3 Qa5 4. Bc4 Bf5 5. d3 e6 6. Bd2 c6 7. Nge2 Qd8 8.
Ng3 Bg6 9. Qe2 Be7 10. O-O Nf6 11. f4 O-O 12. Bb3 Nbd7 13. Nce4 Bxe4 14. dxe4
Nc5 15. Bc3 Nxb3 16. axb3 Qb6+ 17. Kh1 Qb5 18. Qf3 a5 19. Bd4 a4 20. e5 Nd7 21.
Rad1 axb3 22. cxb3 Rfd8 23. Qe4 Nc5 24. Bxc5 Rxd1 25. Rxd1 Qxb3 26. Rf1 Bxc5
27. f5 Ra4 28. Qe2 Qc4 29. Qd1 Qd4 30. Qc2 Rc4 31. Qe2 Rb4 32. fxe6 fxe6 33.
Rd1 Qxb2 34. Qh5 g6 35. Qf3 Rd4 36. Rf1 Kg7 37. Ne4 Qa3 38. Qf6+ Kh6 39. Ng5
Be7 40. Nf7+ Kh5 41. Qxe6 Rf4 42. Rg1 Rg4 43. Nd6 Bd8 44. Qd7 Bb6 45. Qxh7+ Kg5
46. Qe7+ Kh5 47. Rf1 Qd3 48. Qh7+ Kg5 49. Nf7# 1-0

[Event "Lichtenberger Sommer"]
[Site "Berlin"]
[Date "2009.08.22"]
[Round "8.35"]
[White "Welz, Peter"]
[Black "Nieber, Alexander"]
[Result "1/2-1/2"]
[WhiteElo "2101"]
[BlackElo "1826"]
[PlyCount "194"]
[EventDate "2009.??.??"]
[WhiteTeam "SV Empor Berlin e.V."]
[BlackTeam "SG Aufbau Elbe Magdeburg"]

1. e4 c5 2. c3 Nf6 3. d3 Nc6 4. f4 d6 5. Nf3 e6 6. g3 g6 7. Bg2 Bg7 8. O-O O-O
9. h3 Nd7 10. Qe2 Qc7 11. Na3 a6 12. Bd2 Rb8 13. g4 f5 14. exf5 exf5 15. g5 b5
16. h4 Nb6 17. h5 Qe7 18. Qf2 Bb7 19. Rae1 Qd7 20. hxg6 hxg6 21. Nh4 Kf7 22. b4
Ne7 23. bxc5 dxc5 24. Qxc5 Bxg2 25. Kxg2 Rfc8 26. Qf2 Qxd3 27. Re3 Qd5+ 28. Kg3
Nc4 29. Nxc4 Rxc4 30. Rfe1 Re4 31. Qg2 Rxe3+ 32. Rxe3 Qxg2+ 33. Nxg2 Rd8 34.
Be1 Nc6 35. Kf3 Na5 36. Ke2 Nc4 37. Rd3 Rxd3 38. Kxd3 Nb2+ 39. Kc2 Nc4 40. Kb3
Bf8 41. Kc2 Bc5 42. Kd3 Ke6 43. Bd2 Bb6 44. Bc1 Bc5 45. Nh4 Kf7 46. a4 Bf2 47.
axb5 axb5 48. Nf3 Ke6 49. Bd2 Bc5 50. Nh4 Kf7 51. Ke2 Bb6 52. Be1 Nb2 53. Nf3
Bc7 54. Bg3 Ba5 55. Ne5+ Kg7 56. Be1 Nc4 57. Nc6 Bc7 58. Kf3 Bb6 59. Bf2 Nd2+
60. Ke2 Bxf2 61. Kxd2 Bc5 62. Kd3 Kf7 63. Ne5+ Kg7 64. Kc2 Be3 65. Nd3 Bb6 66.
Kb3 Ba5 67. Nb4 Bc7 68. Nd5 Ba5 69. c4 bxc4+ 70. Kxc4 Bd2 71. Kd4 Kf7 72. Ke5
Bc1 73. Nb6 Bb2+ 74. Kd6 Ba3+ 75. Kd7 Bc1 76. Nd5 Ba3 77. Kc6 Bc1 78. Kc5 Ba3+
79. Kd4 Bb2+ 80. Kd3 Bc1 81. Kd4 Bb2+ 82. Ke3 Bc1+ 83. Kf3 Ba3 84. Ne3 Bb2 85.
Nc4 Bc3 86. Ke3 Ke6 87. Kd3 Ba1 88. Ne3 Bb2 89. Kc4 Ba1 90. Nd5 Bb2 91. Nc7+
Kf7 92. Kd5 Bc1 93. Ne6 Bd2 94. Kd6 Bb4+ 95. Nc5 Bxc5+ 96. Kxc5 Ke7 97. Kc6 Ke6
1/2-1/2

[Event "Lichtenberger Sommer"]
[Site "Berlin"]
[Date "2009.08.22"]
[Round "8.36"]
[White "Bendfeldt, Tim"]
[Black "Kurbel, Horst-Peter"]
[Result "1-0"]
[WhiteElo "2064"]
[BlackElo "1888"]
[PlyCount "93"]
[EventDate "2009.??.??"]
[WhiteTeam "Kieler SG von 1884 / Meerbauer"]
[BlackTeam "SV Empor Berlin e.V."]

1. d4 Nf6 2. c4 g6 3. Nc3 Bg7 4. e4 d6 5. Be2 O-O 6. Nf3 e5 7. d5 Nbd7 8. Be3
Ng4 9. Bd2 a5 10. h3 Ngf6 11. Be3 b6 12. Nd2 Nc5 13. b3 Ne8 14. a3 f5 15. f3 f4
16. Bf2 Qg5 17. Rg1 Qe7 18. b4 Nb7 19. Nb3 Bd7 20. Kd2 Nf6 21. Qc2 Ra7 22. Ra2
g5 23. Rga1 h5 24. Nd1 g4 25. hxg4 hxg4 26. Nc1 g3 27. Bg1 Raa8 28. Nd3 Bh6 29.
Ke1 Rab8 30. c5 bxc5 31. bxc5 Nd8 32. Rb2 Nf7 33. Rab1 Rxb2 34. Qxb2 c6 35. Qb7
Qe8 36. Nc3 Qc8 37. dxc6 Qxc6 38. Qxc6 Bxc6 39. cxd6 Nxd6 40. Nxe5 Nfxe4 41.
Nxe4 Bxe4 42. fxe4 Re8 43. Ng4 Bg7 44. e5 Bxe5 45. Nxe5 Rxe5 46. Rb6 Nf5 47.
Rb5 1-0

[Event "Lichtenberger Sommer"]
[Site "Berlin"]
[Date "2009.08.22"]
[Round "8.37"]
[White "Baier, Reinhard"]
[Black "Lerch, Philipp"]
[Result "0-1"]
[WhiteElo "2089"]
[BlackElo "1905"]
[PlyCount "58"]
[EventDate "2009.??.??"]
[WhiteTeam "BSG 1827 Eckbauer e.V."]
[BlackTeam "TuS Makkabi Berlin e.V."]

1. e4 c5 2. Nf3 Nc6 3. d4 cxd4 4. Nxd4 Nf6 5. f3 Qb6 6. Nb3 g6 7. c4 d6 8. Nc3
Bg7 9. Nd5 Nxd5 10. cxd5 Nd4 11. Bd3 O-O 12. Nxd4 Bxd4 13. Qe2 Bd7 14. h4 e6
15. dxe6 Bxe6 16. Kf1 Rfe8 17. h5 d5 18. hxg6 fxg6 19. g4 Rf8 20. Qg2 dxe4 21.
Bxe4 Bc4+ 22. Ke1 Rae8 23. Qh3 Rf7 24. Rh2 Bg1 25. Rg2 Bf2+ 26. Kd1 Rd7+ 27.
Kc2 Rc8 28. Kb1 Bd3+ 29. Bxd3 Rxc1+ 0-1

[Event "Lichtenberger Sommer"]
[Site "Berlin"]
[Date "2009.08.22"]
[Round "8.38"]
[White "Peschke, Matthias"]
[Black "Petkov, Peter"]
[Result "0-1"]
[WhiteElo "1741"]
[BlackElo "1918"]
[PlyCount "46"]
[EventDate "2009.??.??"]
[WhiteTeam "SK Marmstorf GW Harburg"]
[BlackTeam "vereinslos"]

1. c4 Nc6 2. g3 e5 3. Bg2 d6 4. d3 g6 5. Nc3 Bg7 6. e3 Nge7 7. Nge2 O-O 8. O-O
Be6 9. h3 Qd7 10. Kh2 f5 11. Rb1 Nd8 12. b4 c6 13. Bd2 Nf7 14. a4 d5 15. c5 d4
16. exd4 exd4 17. Nf4 dxc3 18. Nxe6 Qxe6 19. Be3 Rad8 20. Re1 Qd7 21. Qb3 Kh8
22. b5 Nd5 23. d4 f4 0-1

[Event "Lichtenberger Sommer"]
[Site "Berlin"]
[Date "2009.08.22"]
[Round "8.39"]
[White "Strehlow, Horst"]
[Black "Smajic, Mirza"]
[Result "0-1"]
[WhiteElo "2115"]
[BlackElo "1721"]
[PlyCount "86"]
[EventDate "2009.??.??"]
[WhiteTeam "SC Friesen Lichtenberg e.V."]
[BlackTeam "SC Borussia Friedrichsfelde 1920"]

1. e4 d5 2. exd5 Qxd5 3. Nc3 Qa5 4. d4 c6 5. Bc4 Bf5 6. Qe2 Nf6 7. Nf3 e6 8.
Bd2 Bb4 9. O-O Nbd7 10. a3 Bxc3 11. Bxc3 Qc7 12. Ne5 Nxe5 13. dxe5 Nd5 14. Bxd5
cxd5 15. Bb4 Rc8 16. Qe3 b6 17. Rac1 f6 18. Bd6 Qc4 19. Rfe1 Kf7 20. f3 h5 21.
Re2 Rc6 22. Rd2 Rhc8 23. c3 Qb3 24. Re1 Rc4 25. h3 h4 26. Kh2 Qa4 27. Bb4 Qb3
28. Red1 Bc2 29. Rg1 a5 30. Bd6 Qxb2 31. Rxc2 Qxc2 32. Qxb6 Qxc3 33. Qb7+ R4c7
34. Bxc7 Qxc7 35. Qb5 Qxe5+ 36. Kh1 Qc3 37. Qd7+ Kf8 38. Qxe6 d4 39. Qd6+ Kg8
40. Rd1 Rc4 41. Qe6+ Kh8 42. Rb1 Rc8 43. Rb5 Qc1+ 0-1

[Event "Lichtenberger Sommer"]
[Site "Berlin"]
[Date "2009.08.22"]
[Round "8.40"]
[White "Yuan, Yizheng"]
[Black "Schmidt, Frank"]
[Result "0-1"]
[WhiteElo "1770"]
[BlackElo "1904"]
[PlyCount "66"]
[EventDate "2009.??.??"]
[WhiteTeam "Schachpinguine Berlin e.V."]
[BlackTeam "SV Eutin von 1875"]

1. e4 g6 2. d4 Bg7 3. Nc3 d6 4. Be3 a6 5. Qd2 b5 6. O-O-O Nf6 7. f3 b4 8. Nd5
Nxd5 9. exd5 a5 10. Bh6 O-O 11. h4 f6 12. Bc4 Qe8 13. g4 Ba6 14. Bxa6 Nxa6 15.
Bxg7 Kxg7 16. Re1 a4 17. Nh3 b3 18. cxb3 axb3 19. a3 c6 20. Re3 Nc7 21. Nf4
cxd5 22. Rxb3 Rc8 23. Kb1 Qd7 24. Re1 e5 25. dxe5 dxe5 26. Nxd5 Nxd5 27. Rd3
Rfd8 28. Rd1 Rc5 29. b4 Qb5 30. Ka1 Nxb4 31. Rxd8 Nc2+ 32. Ka2 Qc4+ 33. Kb2
Rb5+ 0-1

[Event "Lichtenberger Sommer"]
[Site "Berlin"]
[Date "2009.08.22"]
[Round "8.41"]
[White "Jachym, Adam"]
[Black "Voigt, Ingo"]
[Result "0-1"]
[WhiteElo "1583"]
[BlackElo "2046"]
[PlyCount "61"]
[EventDate "2009.??.??"]
[WhiteTeam "OKSz Spolem Opole"]
[BlackTeam "BSV 63 Chemie Weißensee"]

1. e4 c5 2. Nf3 Nc6 3. d4 cxd4 4. Nxd4 e5 5. Nb5 d6 6. N1c3 a6 7. Na3 Nf6 8.
Bg5 b5 9. Bxf6 gxf6 10. Nd5 Bg7 11. c3 O-O 12. Qf3 f5 13. exf5 e4 14. Qf4 Be5
15. Qxe4 Bxc3+ 16. bxc3 Re8 17. Nf6+ Qxf6 18. Qxe8+ Kg7 19. Qxc6 Bb7 20. Qxb7
Qxc3+ 21. Kd1 Qxa1+ 22. Kd2 Qd4+ 23. Bd3 Qb4+ 24. Kd1 Qxa3 25. f6+ Kxf6 26. Qe4
Rg8 27. Re1 Qxa2 28. Qd4+ Kg5 29. h4+ Kh5 30. g4+ Rxg4 31. Be2 0-1